| 000 | 01136cam a2200337 a 4500 | ||
|---|---|---|---|
| 999 |
_c6624 _d6624 |
||
| 001 | 6624 | ||
| 003 | BD-JhCC | ||
| 005 | 20180127135118.0 | ||
| 008 | 870401s1949 enk 000 0 eng d | ||
| 035 | _a(BD-JhCC) | ||
| 035 | _a1038995 | ||
| 040 |
_aANL _cANL _dANL |
||
| 041 | _aeng | ||
| 082 | 0 | 4 |
_a722 _bCOW 1949 |
| 100 | 1 |
_aCowley, Abraham, _d1618-1667. |
|
| 245 | 1 | 0 |
_aAbraham Cowley : _bpoetry & prose : with Thomas Sprat's life, and observations / _cby Dryden, Addison, Johnson and others ; with an introduction and notes by L. C. Martin. |
| 246 | 3 | _aPoetry and prose | |
| 246 | 3 | _aAbraham Cowley : poetry & prose | |
| 246 | 3 | _aAbraham Cowley : poetry and prose | |
| 246 | 3 | _aPoetry & prose | |
| 260 |
_aOxford : _bThe Clarendon Press, _c1949. |
||
| 300 |
_axi, 129 p. : _bfront. (port.) ; _c19 cm. |
||
| 500 | _aPrinter: Charles Batey. | ||
| 500 |
_aLibrary’s copy includes a typed letter addressed to Mr Nichol Smith _5ANL |
||
| 600 | 1 | 0 |
_aSprat, Thomas, _d1635-1713. |
| 650 | _aPoetry | ||
| 700 | 1 |
_aMartin, L. C. _q(Leonard Cyril), _d1886- |
|
| 700 | 1 | _aBatey, Charles. | |
| 942 |
_2ddc _cBK |
||